Online
Catalog

Prospecto : (Record no. 53336)

MARC details
000 -CABECERA
campo de control de longitud fija 01092nam a2200265 i 4500
001 - NÚMERO DE CONTROL
campo de control 000028054
003 - IDENTIFICADOR DEL NÚMERO DE CONTROL
campo de control DO-SdBNP
005 - FECHA Y HORA DE LA ÚLTIMA TRANSACCIÓN
campo de control 20230424133529.0
007 - CAMPO FIJO DE DESCRIPCIÓN FÍSICA--INFORMACIÓN GENERAL
campo de control de longitud fija ta
008 - DATOS DE LONGITUD FIJA--INFORMACIÓN GENERAL
campo de control de longitud fija 110414s1933 dr r 000 0 spa d
040 ## - FUENTE DE LA CATALOGACIÓN
Centro catalogador/agencia de origen DO-SdBNP
Lengua de catalogación spa
Centro/agencia transcriptor BNPHU
Normas de descripción rda
082 ## - NÚMERO DE LA CLASIFICACIÓN DECIMAL DEWEY
Número de documento/Ítem P966
Número de edición 22
110 ## - ENTRADA PRINCIPAL--NOMBRE DE ENTIDAD CORPORATIVA
9 (RLIN) 55084
245 10 - MENCIÓN DE TÍTULO
Título Prospecto :
Resto del título escuela de comercio, de instrucción primaria y secundaria
264 ## - PRODUCCIÓN, PUBLICACIÓN, DISTRIBUCIÓN, FABRICACIÓN Y COPYRIGHT
Producción, publicación, distribución, fabricación y copyright Santiago, República Dominicana :
Nombre del de productor, editor, distribuidor, fabricante Imprenta de L.H. Cruz,
Fecha de producción, publicación, distribución, fabricación o copyright 1933
300 ## - DESCRIPCIÓN FÍSICA
Extensión 25 paginas ;
Dimensiones 24 cm.
336 ## - TIPO DE CONTENIDO
Fuente rdaconten.
Término de tipo de contenido texto
Código de tipo de contenido txt
337 ## - TIPO DE MEDIO
Fuente rdamedia
Nombre/término del tipo de medio sin mediación
Código del tipo de medio n
338 ## - TIPO DE SOPORTE
Fuente rdacarrier
Nombre/término del tipo de soporte volumen
Código del tipo de soporte nc
505 ## - NOTA DE CONTENIDO CON FORMATO
Nota de contenido con formato Descripción del modelo de atención en violencia contra las mujeres de la fiscalía del Distrito Nacional 13 -- Del modelo de intervención clínica en el centro de atención a sobrevivientes de violencia 21 -- Programa de terapia individual 27 -- Programa de terapia grupal 35 -- Programa de servicios sociales 83 -- Programa de terapia psico-corporal 87
590 ## - NOTA LOCAL (RLIN)
Nota local Inventariado, 2023 / DG
650 ## - PUNTO DE ACCESO ADICIONAL DE MATERIA--TÉRMINO DE MATERIA
9 (RLIN) 83290
910 ## - DATOS DE OPCIÓN DEL USUARIO (OCLC)
Datos de opción del usuario DG
942 ## - ELEMENTOS DE PUNTO DE ACCESO ADICIONAL (KOHA)
Fuente del sistema de clasificación o colocación Dewey Decimal Classification
Tipo de ítem Koha Folleto
Holdings
Estado de retiro Estado de pérdida Fuente del sistema de clasificación o colocación Restricciones de uso No para préstamo Código de colección Localización permanente Ubicación/localización actual Ubicación en estantería Fecha de adquisición Total de préstamos Signatura topográfica completa Código de barras Fecha visto por última vez Precio válido a partir de Tipo de ítem Koha
    Dewey Decimal Classification Excluido de préstamo   Patrimonio Dominicano Folletos Biblioteca Nacional Pedro Henríquez Ureña Biblioteca Nacional Pedro Henríquez Ureña En catalogación 24.04.2023   BNPHU PD-RV P966 2023-1477 24.04.2023 24.04.2023 Folleto

Powered by Koha